00887nam a22001937a 4500003000800000008004100008037000800049040003500057041000800092080001200100100007000112245020100182260008500383300002000468500009000488650007000578655001200648700003300660BI-BuBU260420b2025 bd fr|||| 00| 0 fre d bdon aBI-BuBUbfrecBI-BuBUdBI-BuBU0 afre a336.7731 4aut.aGaly cibashimba galilée; Jeremie Ndikumagenge , directeur10aMise en place d'un modele de prediction de performance financière des Institutions du système financiere decentralise ( ISFD) bcas ISDs de la province du sud-kivu cGalilée Galy cibashimba  aBujumburabUniversité de Burundi , Faculté des Sciences de l'ingenier c2025 aX-75 f.c30 cm. aMémoire présenté en vue de l'obtention du grade de master en Genie informatique 72BI-BuBUaMicrofinancexPerformance financièrexISFB szsud-kivu 72BI-BuBU1 4dir.aNdikumagenge, Jeremie